00515nam a2200193 a 4500001001300000003000900013005001700022008004100039020002200080082001800102100002400120245004000144260003500184300001000219500003500229505001000264650002300274700002400297nice12345678IN_TiNIC20260116013830.0050524s1997 lona grp 000 0 eng  a0333376 c1200a297.0958bHAG aHaghayedhi, Mehrdad aIslam and Politics in Central Asia. aLondonbMacmillan Press c1997 a263p. aincludes index and biblioraphy2 aIndex aIslam-Central Asia1 aHaghayedhi, Mehrdad